Building code requirement for masonry structures (Record no. 541443)
[ view plain ]
| 000 -LEADER | |
|---|---|
| fixed length control field | 00798cam a2200205 a 4500 |
| 082 04 - DEWEY DECIMAL CLASSIFICATION NUMBER | |
| Classification number | 693.1021873 |
| Author Mark | BUI |
| -- | M-38, P-105 |
| 100 1# - MAIN ENTRY--PERSONAL NAME | |
| Personal name | MSJC |
| 9 (RLIN) | 36314 |
| 110 ## - MAIN ENTRY--CORPORATE NAME | |
| Corporate name or jurisdiction name as entry element | Masonry standers joint commitee |
| 9 (RLIN) | 36315 |
| 245 10 - TITLE STATEMENT | |
| Title | Building code requirement for masonry structures |
| Remainder of title | ACI 530-05/TMS 402-05 |
| Statement of responsibility, etc. | Steve Thomas ; International Code Council. |
| 260 ## - PUBLICATION, DISTRIBUTION, ETC. | |
| Place of publication, distribution, etc. | Clifton Park, N.Y. : |
| Name of publisher, distributor, etc. | Delmar Cengage Learning, |
| Date of publication, distribution, etc. | nd |
| 526 ## - STUDY PROGRAM INFORMATION NOTE | |
| Program name | 0 |
| Interest level | 0 |
| Reading level | 0 |
| Title point value | 693_102187300000000_BUI |
| 526 ## - STUDY PROGRAM INFORMATION NOTE | |
| Program name | 0 |
| Interest level | 0 |
| Reading level | 0 |
| Title point value | 693_102187300000000_BUI |
| 650 #0 - SUBJECT ADDED ENTRY--TOPICAL TERM | |
| Topical term or geographic name entry element | Buildings |
| General subdivision | Standards. |
| Topical term following geographic name entry element | MCE |
| 9 (RLIN) | 36316 |
| 650 #0 - SUBJECT ADDED ENTRY--TOPICAL TERM | |
| Topical term or geographic name entry element | Construction industry |
| General subdivision | Standards. |
| 9 (RLIN) | 36317 |
| 650 #0 - SUBJECT ADDED ENTRY--TOPICAL TERM | |
| Topical term or geographic name entry element | House construction |
| General subdivision | Standards. |
| 9 (RLIN) | 36318 |
| 650 #0 - SUBJECT ADDED ENTRY--TOPICAL TERM | |
| Topical term or geographic name entry element | Standards, Engineering. |
| 710 2# - ADDED ENTRY--CORPORATE NAME | |
| Corporate name or jurisdiction name as entry element | Books24x7, Inc. |
| 9 (RLIN) | 25470 |
| 710 2# - ADDED ENTRY--CORPORATE NAME | |
| Corporate name or jurisdiction name as entry element | International Code Council. |
| 9 (RLIN) | 26252 |
| 942 ## - ADDED ENTRY ELEMENTS (KOHA) | |
| Source of classification or shelving scheme | |
| Koha item type | Book |
| Withdrawn status | Lost status | Source of classification or shelving scheme | Damaged status | Not for loan | Permanent Location | Current Location | Date acquired | Total Checkouts | Full call number | Barcode | Date last seen | Price effective from | Koha item type | Copy number |
|---|---|---|---|---|---|---|---|---|---|---|---|---|---|---|
| Military College of Engineering (MCE) | Military College of Engineering (MCE) | 08/31/2015 | 693.1021873 BUI | MCE-47483 | 08/31/2015 | 08/31/2015 | Book | |||||||
| Military College of Engineering (MCE) | Military College of Engineering (MCE) | 07/24/2013 | 693.1021873 BUI | MCE-47942 | 07/24/2013 | 07/24/2013 | Book | 01 |
